000 00297nam a22001217a 4500
008 211129b ||||| |||| 00| 0 eng d
020 _a9780143419549
050 _a423
_b1
245 _aVisual Dictionary
260 _aNew Delhi
_bDorlind Kindersley Limited
_c1994
300 _a1
942 _2ddc
_cBK
999 _c11934
_d11934